[Event "IX Floripa Chess Open Fort Atacadista"]
[Site "Florianópolis - Santa Catari"]
[Date "2023.01.24"]
[Round "3.27"]
[White "Caetano, Ryan Wesley Da Cost"]
[Black "Dauer, Andre Leonardo"]
[Result "1-0"]
[WhiteElo "2240"]
[BlackElo "1990"]
[PlyCount "121"]
[EventDate "2023.01.23"]
[EventRounds "10"]
[EventCountry "BRA"]

1. d4 d5 2. c4 c6 3. Nf3 e6 4. Nbd2 Nf6 5. e3 Bd6 6. Bd3 Nbd7 7. O-O O-O 8. e4
dxe4 9. Nxe4 Nxe4 10. Bxe4 Nf6 11. Bc2 h6 12. Qe2 b6 13. Ne5 Bb7 14. Bd2 c5 15.
Bc3 cxd4 16. Bxd4 Qc7 17. Bc3 Rac8 18. Rac1 Rfd8 19. Kh1 Qe7 20. a3 a5 21. f4
Bc5 22. Be1 Nd7 23. Ng4 f5 24. Nf2 Nf6 25. Bc3 Bd4 26. Bxf5 Kf7 27. Rce1 Rc6
28. Bxd4 Rxd4 29. Nd3 Nd7 30. Be4 Rxe4 31. Qxe4 Kg8 32. f5 Nf8 33. Qg4 Kh7 34.
Ne5 Rd6 35. fxe6 Rxe6 36. Qf5+ Kg8 37. Qxf8+ Qxf8 38. Rxf8+ Kxf8 39. Nd7+ Ke7
40. Rxe6+ Kxe6 41. Nxb6 Kd6 42. b4 axb4 43. axb4 Ba6 44. b5 Bb7 45. Na4 Bc8 46.
Kg1 Bf5 47. Kf2 Bc2 48. Nb2 Kc5 49. Ke3 Bf5 50. Kf4 g6 51. Ke5 h5 52. g3 Bh3
53. Kf6 Bf5 54. Ke7 Be4 55. Kd7 Kb6 56. Kd6 Bf5 57. Na4+ Ka5 58. Nc5 Bg4 59.
Nd7 g5 60. Ne5 Bh3 61. Kc7 1-0

[Event "IX Floripa Chess Open Fort Atacadista"]
[Site "Florianópolis - Santa Catari"]
[Date "2023.01.24"]
[Round "3.28"]
[White "Mariani, Daniel Brandao"]
[Black "Pires, Marcos Vinicius Tor"]
[Result "0-1"]
[WhiteElo "1987"]
[BlackElo "2238"]
[PlyCount "132"]
[EventDate "2023.01.23"]
[EventRounds "10"]
[EventCountry "BRA"]

1. d4 d5 2. c4 c6 3. cxd5 cxd5 4. Nc3 Nf6 5. Bf4 Nc6 6. e3 a6 7. Bd3 Bg4 8. f3
Bh5 9. Nge2 e6 10. O-O Bg6 11. Rc1 Bxd3 12. Qxd3 Bd6 13. Rfd1 O-O 14. Na4 Qe7
15. Nc5 Bxc5 16. Rxc5 Nd7 17. Rc3 Nb6 18. b3 Rac8 19. Rdc1 Rfd8 20. Qb1 f6 21.
Bg3 e5 22. Qb2 Re8 23. Bf2 Rcd8 24. Qd2 Nc8 25. Ng3 Qe6 26. Rc5 N8e7 27. b4 Nc8
28. b5 axb5 29. Rxb5 Nd6 30. Rbb1 Nc4 31. Qd3 N6a5 32. Be1 b6 33. Bxa5 bxa5 34.
e4 exd4 35. Qxd4 dxe4 36. Qxe4 Qf7 37. Qb7 Rd7 38. Qb3 Ne3 39. Qxf7+ Kxf7 40.
Rb5 Rd2 41. Rc7+ Re7 42. Rxe7+ Kxe7 43. Rxa5 Rxg2+ 44. Kh1 Rc2 45. Kg1 Kf7 46.
a4 Rg2+ 47. Kh1 Rf2 48. Ra7+ Kg6 49. Re7 Rxf3 50. a5 Nf5 51. Nxf5 Rxf5 52. a6
Ra5 53. a7 Ra2 54. h4 Kh6 55. Rf7 Kg6 56. Rb7 f5 57. h5+ Kh6 58. Rf7 g6 59. Kg1
Kxh5 60. Rxh7+ Kg4 61. Rb7 g5 62. Kf1 f4 63. Ke1 f3 64. Rf7 Kg3 65. Rf5 g4 66.
Rf7 Kg2 0-1

[Event "IX Floripa Chess Open Fort Atacadista"]
[Site "Florianópolis - Santa Catari"]
[Date "2023.01.24"]
[Round "3.29"]
[White "Labussiere, Yago"]
[Black "Da Silva, Luiz Matheus"]
[Result "1-0"]
[WhiteElo "2227"]
[BlackElo "1986"]
[PlyCount "61"]
[EventDate "2023.01.23"]
[EventRounds "10"]
[EventCountry "BRA"]

1. c4 c5 2. Nc3 Nc6 3. Nf3 g6 4. e3 Nf6 5. d4 cxd4 6. exd4 d5 7. cxd5 Nxd5 8.
Qb3 Nxc3 9. Bc4 e6 10. bxc3 Bg7 11. Ba3 Bd7 12. Be2 Qc7 13. O-O Na5 14. Qb2 f6
15. Nd2 Kf7 16. Ne4 Bf8 17. c4 Bxa3 18. Qxa3 Bc6 19. Nd6+ Kg7 20. Rfe1 Rhd8 21.
c5 Rd7 22. Bg4 f5 23. Bd1 Bd5 24. Bb3 Nxb3 25. axb3 Qc6 26. f3 a6 27. b4 Rxd6
28. cxd6 Qxd6 29. Qc3 Rd8 30. Rac1 Bc6 31. d5+ 1-0

[Event "IX Floripa Chess Open Fort Atacadista"]
[Site "Florianópolis - Santa Catari"]
[Date "2023.01.24"]
[Round "3.30"]
[White "Kim, Thiago"]
[Black "De Souza, Regis Gabetta"]
[Result "1-0"]
[WhiteElo "1980"]
[BlackElo "2221"]
[PlyCount "75"]
[EventDate "2023.01.23"]
[EventRounds "10"]
[EventCountry "BRA"]

1. e4 c5 2. Nf3 Nc6 3. Bb5 g6 4. O-O Bg7 5. c3 Nf6 6. Re1 O-O 7. d4 d5 8. e5
Ne4 9. Bxc6 bxc6 10. Nfd2 Nxd2 11. Nxd2 cxd4 12. cxd4 Qb6 13. Nb3 f6 14. e6 Qc7
15. Qf3 f5 16. Bf4 Qb6 17. Qc3 h6 18. Rac1 a5 19. Nc5 Qb4 20. Be5 Bxe5 21. dxe5
Qxc3 22. Rxc3 Ba6 23. Nd7 d4 24. Rg3 Kg7 25. Nxf8 Rxf8 26. Ra3 Bc4 27. Rxa5
Bxe6 28. Rd1 Rb8 29. b3 Rb4 30. Ra4 Rxa4 31. bxa4 c5 32. a5 Kf7 33. a6 Bd5 34.
a7 Ke6 35. Rc1 d3 36. Rxc5 Bf3 37. gxf3 d2 38. Rd5 1-0

[Event "IX Floripa Chess Open Fort Atacadista"]
[Site "Florianópolis - Santa Catari"]
[Date "2023.01.24"]
[Round "3.31"]
[White "Nascimento, Pedro Henrique Alve"]
[Black "Do Valle Cardoso, Lucas"]
[Result "0-1"]
[WhiteElo "1978"]
[BlackElo "2206"]
[PlyCount "68"]
[EventDate "2023.01.23"]
[EventRounds "10"]
[EventCountry "BRA"]

1. d4 d5 2. c4 dxc4 3. Nf3 Nf6 4. e3 b5 5. a4 b4 6. Bxc4 e6 7. O-O Be7 8. b3
O-O 9. Bb2 Bb7 10. Nbd2 c5 11. Qe2 Nbd7 12. Rfd1 Qb8 13. Rac1 Rc8 14. Nf1 Nb6
15. Ba6 Nbd5 16. Bxb7 Qxb7 17. Qd3 h6 18. N1d2 cxd4 19. Nxd4 Nc3 20. Bxc3 bxc3
21. Rxc3 Rxc3 22. Qxc3 Rc8 23. Nc4 Ne4 24. Qd3 Bh4 25. g3 Bf6 26. Nb5 Rd8 27.
Qf1 Rxd1 28. Qxd1 Ng5 29. h4 Nh3+ 30. Kf1 Qh1+ 31. Ke2 Ng1+ 32. Kd3 Qg2 33. Qd2
Qf1+ 34. Kc2 Nf3 0-1

[Event "IX Floripa Chess Open Fort Atacadista"]
[Site "Florianópolis - Santa Catari"]
[Date "2023.01.24"]
[Round "3.32"]
[White "Japiassu, Ricardo De Villa No"]
[Black "Guimaraes, Wagner Peixoto"]
[Result "0-1"]
[WhiteElo "1964"]
[BlackElo "2199"]
[PlyCount "38"]
[EventDate "2023.01.23"]
[EventRounds "10"]
[EventCountry "BRA"]

1. c4 e6 2. e4 b6 3. Nc3 Bb4 4. Nge2 Bb7 5. g3 f5 6. Bg2 Nf6 7. d3 fxe4 8. O-O
Bxc3 9. Nxc3 O-O 10. dxe4 d6 11. Be3 e5 12. h3 Nbd7 13. Qc2 a6 14. a4 Kh8 15.
Rae1 Qe8 16. f4 exf4 17. gxf4 Qg6 18. Ne2 Rae8 19. f5 Qxg2+ 0-1

[Event "IX Floripa Chess Open Fort Atacadista"]
[Site "Florianópolis - Santa Catari"]
[Date "2023.01.24"]
[Round "3.33"]
[White "Melian, Juan Sebastian"]
[Black "Oliveira, Danyel Angelo Aquin"]
[Result "1-0"]
[WhiteElo "2197"]
[BlackElo "1954"]
[PlyCount "121"]
[EventDate "2023.01.23"]
[EventRounds "10"]
[EventCountry "BRA"]

1. d4 Nf6 2. c4 g6 3. Nc3 Bg7 4. e4 d6 5. f3 O-O 6. Be3 e5 7. Nge2 exd4 8. Nxd4
Re8 9. Be2 Na6 10. O-O c6 11. Nc2 d5 12. cxd5 cxd5 13. exd5 Bf5 14. Bf2 Bxc2
15. Qxc2 Nb4 16. Qb3 Nbxd5 17. Bc4 Nxc3 18. Bxf7+ Kh8 19. bxc3 Re7 20. Rfe1 b6
21. Rxe7 Qxe7 22. Re1 Qc7 23. Bd4 Rf8 24. Bc4 Rc8 25. Ba6 Rf8 26. Qe6 Qb8 27.
Qe5 Qd8 28. Qe7 Qb8 29. Qb7 Qxb7 30. Bxb7 Rf7 31. Bd5 Rd7 32. Bb3 h6 33. Re6
Ng8 34. Re8 Bxd4+ 35. cxd4 Rg7 36. Kf2 Kh7 37. Rxg8 Rxg8 38. Bxg8+ Kxg8 39. f4
h5 40. g3 Kf7 41. Ke3 Ke6 42. h3 b5 43. g4 hxg4 44. hxg4 a5 45. Kd3 Kd5 46. f5
gxf5 47. gxf5 Kd6 48. Ke4 a4 49. Kd3 Ke7 50. Kc3 Kf6 51. Kb4 Kxf5 52. Kxb5 a3
53. d5 Ke5 54. Kc6 Kd4 55. d6 Kc3 56. d7 Kb2 57. d8=Q Kxa2 58. Kb5 Kb2 59. Qd2+
Kb1 60. Qb4+ Ka2 61. Kc4 1-0

[Event "IX Floripa Chess Open Fort Atacadista"]
[Site "Florianópolis - Santa Catari"]
[Date "2023.01.24"]
[Round "3.34"]
[White "Dubrovich, Igor"]
[Black "Silva, Kaua Marques"]
[Result "0-1"]
[WhiteElo "1962"]
[BlackElo "2196"]
[PlyCount "82"]
[EventDate "2023.01.23"]
[EventRounds "10"]
[EventCountry "BRA"]

1. e4 c5 2. Nf3 e6 3. d4 cxd4 4. Nxd4 Nf6 5. Nc3 Nc6 6. Ndb5 d6 7. Bf4 e5 8.
Bg5 a6 9. Bxf6 gxf6 10. Na3 f5 11. Qh5 b5 12. Nd5 fxe4 13. Bxb5 axb5 14. Nxb5
Be6 15. Nbc7+ Kd7 16. Nxe6 Kxe6 17. Ne3 Ne7 18. O-O f5 19. Rfd1 Qe8 20. Qh3 Qg6
21. Nc4 d5 22. Qb3 Bg7 23. Nb6 Rad8 24. a4 f4 25. Kh1 Bh6 26. c4 d4 27. c5+ Kf6
28. Qb5 Rhg8 29. g3 e3 30. Nd7+ Ke6 31. c6 Qe4+ 32. Kg1 exf2+ 33. Kf1 Qh1+ 34.
Ke2 f1=Q+ 35. Rxf1 Qe4+ 36. Kd1 Qxc6 37. Qxe5+ Kxd7 38. Rc1 Qxa4+ 39. Ke1 Qb4+
40. Kd1 Qb3+ 41. Rc2 Qd3+ 0-1

[Event "IX Floripa Chess Open Fort Atacadista"]
[Site "Florianópolis - Santa Catari"]
[Date "2023.01.24"]
[Round "3.35"]
[White "Nemeth Junior, Henrique"]
[Black "Gazola, Vanessa Ramos"]
[Result "1-0"]
[WhiteElo "2193"]
[BlackElo "1949"]
[PlyCount "85"]
[EventDate "2023.01.23"]
[EventRounds "10"]
[EventCountry "BRA"]

1. e4 e5 2. Nc3 Nf6 3. f4 d5 4. fxe5 Nxe4 5. Qf3 Nxc3 6. bxc3 Qh4+ 7. g3 Qe4+
8. Qxe4 dxe4 9. d4 exd3 10. cxd3 Bd7 11. Bg2 Bc6 12. Nf3 Nd7 13. d4 Bd5 14. O-O
c5 15. Ng5 Bxg2 16. Kxg2 f6 17. exf6 Nxf6 18. Re1+ Kd7 19. dxc5 Bxc5 20. Ne6
Bb6 21. Nxg7 Rhg8 22. Nf5 Rae8 23. Ba3 Nd5 24. c4 Ne3+ 25. Nxe3 Rxe3 26. Rad1+
Kc8 27. Rxe3 Bxe3 28. Re1 Bg5 29. Re5 Kd7 30. Rd5+ Kc7 31. Rf5 h6 32. Bc5 Kc6
33. Bf2 Rd8 34. Rc5+ Kd6 35. h4 Bf6 36. Rh5 Ke6 37. Rxh6 Rd2 38. Kf3 Kf7 39.
Rh7+ Bg7 40. Be3 Rd1 41. Bh6 Kg6 42. Rxg7+ Kxh6 43. Rxb7 1-0

[Event "IX Floripa Chess Open Fort Atacadista"]
[Site "Florianópolis - Santa Catari"]
[Date "2023.01.24"]
[Round "3.36"]
[White "Carvalho Jr, Celestino"]
[Black "De Borba, Gabriel"]
[Result "0-1"]
[WhiteElo "1953"]
[BlackElo "2191"]
[PlyCount "110"]
[EventDate "2023.01.23"]
[EventRounds "10"]
[EventCountry "BRA"]

1. d4 Nf6 2. e3 g6 3. Nd2 Bg7 4. f4 O-O 5. Nh3 d6 6. Nf2 e5 7. Be2 c5 8. dxe5
dxe5 9. O-O Nc6 10. c3 Re8 11. Bf3 Qc7 12. Nde4 Rd8 13. Qa4 Na5 14. Nxf6+ Bxf6
15. Ng4 Bxg4 16. Bxg4 c4 17. Qc2 b5 18. f5 Rd6 19. fxg6 fxg6 20. e4 Nb7 21. Be3
Nc5 22. Bxc5 Qxc5+ 23. Qf2 Qxf2+ 24. Rxf2 Bg5 25. Re1 h5 26. Bf3 Rd3 27. Rc2
Re8 28. Kf2 Bh4+ 29. g3 Rf8 30. gxh4 Rfxf3+ 31. Kg2 Rf4 32. Rf2 Rg4+ 33. Kh1
Rxh4 34. Rg1 Kg7 35. Rfg2 Rd6 36. Rg5 Rxe4 37. Rxh5 Rd1 38. Rxd1 gxh5 39. Rd7+
Kf6 40. Rxa7 Re1+ 41. Kg2 Re2+ 42. Kg3 Rxb2 43. a4 b4 44. cxb4 Rxb4 45. a5 Ra4
46. Rc7 Ra3+ 47. Kh4 Rxa5 48. Kxh5 Kf5 49. Rxc4 e4 50. Kh4 Kf4 51. Rc8 e3 52.
Rf8+ Ke4 53. Rf1 e2 54. Re1 Kf3 55. Rb1 Rd5 0-1

[Event "IX Floripa Chess Open Fort Atacadista"]
[Site "Florianópolis - Santa Catari"]
[Date "2023.01.24"]
[Round "3.37"]
[White "Ferraz, Michel Liah"]
[Black "Zacarias, M Ruben D"]
[Result "1/2-1/2"]
[WhiteElo "1947"]
[BlackElo "2176"]
[PlyCount "112"]
[EventDate "2023.01.23"]
[EventRounds "10"]
[EventCountry "BRA"]

1. d4 Nf6 2. c4 e6 3. Nc3 Bb4 4. Qc2 O-O 5. Nf3 d5 6. cxd5 exd5 7. Bg5 c6 8. e3
Be7 9. Bd3 h6 10. Bh4 Re8 11. O-O Ne4 12. Bxe7 Qxe7 13. Rae1 Nd7 14. Bxe4 dxe4
15. Nd2 Nf6 16. Nc4 Bf5 17. Rd1 Rad8 18. a3 Qe6 19. Na5 b6 20. Nb3 Bg4 21. Rc1
Nh7 22. Kh1 Ng5 23. Nd2 Qg6 24. Rce1 Qh5 25. Rg1 Re6 26. Ncxe4 Rxe4 27. Nxe4
Qg6 28. h3 Nxe4 29. Rc1 Bd7 30. b4 Re8 31. a4 Qh5 32. Kh2 Ng5 33. Rh1 Bxh3 34.
Kg1 Qg4 35. Qxc6 Re4 36. Rxh3 Nxh3+ 37. Kf1 Ng5 38. f3 Nxf3 39. Qc8+ Qxc8 40.
Rxc8+ Kh7 41. gxf3 Rxe3 42. Rc7 Rd3 43. Rxf7 Rxd4 44. Rxa7 Rxb4 45. a5 bxa5 46.
Rxa5 Rb2 47. Kg1 Kg6 48. Ra6+ Kg5 49. Ra7 g6 50. Ra5+ Kf4 51. Ra6 g5 52. Rxh6
Kg3 53. Kf1 Rf2+ 54. Kg1 Rxf3 55. Re6 g4 56. Re1 Ra3 1/2-1/2

[Event "IX Floripa Chess Open Fort Atacadista"]
[Site "Florianópolis - Santa Catari"]
[Date "2023.01.24"]
[Round "3.38"]
[White "Pontes, Israel Fillip Da Si"]
[Black "Carvalho, Guillermo"]
[Result "1/2-1/2"]
[WhiteElo "1947"]
[BlackElo "2154"]
[PlyCount "98"]
[EventDate "2023.01.23"]
[EventRounds "10"]
[EventCountry "BRA"]

1. e4 e5 2. Nf3 Nc6 3. Bc4 Be7 4. c3 Nf6 5. d3 O-O 6. Bb3 h6 7. O-O Re8 8. Nbd2
Bf8 9. Re1 d6 10. Nf1 Be6 11. Bc2 g6 12. Ne3 Bg7 13. d4 exd4 14. cxd4 Nb4 15.
Bb1 c5 16. Bd2 Ng4 17. Bc3 Nxe3 18. Rxe3 Bg4 19. h3 Bxf3 20. Rxf3 d5 21. Qb3 a5
22. dxc5 Bxc3 23. bxc3 Na6 24. Bc2 Nxc5 25. Qxd5 Qxd5 26. exd5 Re2 27. Bd3 Rd2
28. Bc4 Rd8 29. Re1 Rd7 30. Re8+ Kg7 31. Rfe3 Rc2 32. Rc8 b6 33. Rc6 Rb2 34. d6
Kf6 35. Rf3+ Ke5 36. Bxf7 Ne4 37. Bxg6 Nxd6 38. Rd3 Rb1+ 39. Kh2 Rf1 40. Kg3 b5
41. Rc5+ Ke6 42. Rcd5 Rd8 43. f4 Ke7 44. f5 Ne4+ 45. Kh2 Rxd5 46. Rxd5 Nxc3 47.
Re5+ Kf6 48. Re6+ Kg7 49. Re7+ Kf6 1/2-1/2

[Event "IX Floripa Chess Open Fort Atacadista"]
[Site "Florianópolis - Santa Catari"]
[Date "2023.01.24"]
[Round "3.39"]
[White "Caceres Benitez, Arturo Eduardo"]
[Black "Piccoli, Lucas Fonseca"]
[Result "1/2-1/2"]
[WhiteElo "1944"]
[BlackElo "2148"]
[PlyCount "94"]
[EventDate "2023.01.23"]
[EventRounds "10"]
[EventCountry "BRA"]

1. e4 c5 2. Nf3 Nc6 3. Bb5 g6 4. Bxc6 bxc6 5. O-O Bg7 6. Re1 Qc7 7. d3 d6 8.
Nbd2 e5 9. Nc4 Ne7 10. h4 h6 11. Qd2 O-O 12. Qa5 Qxa5 13. Nxa5 f5 14. Nc4 Rd8
15. b3 f4 16. g3 fxg3 17. fxg3 Kh7 18. Kg2 Be6 19. Bg5 Bf8 20. Rf1 Rd7 21. Rf2
Ng8 22. Raf1 Bg7 23. Be3 Re8 24. Na5 Rc7 25. Nh2 Ne7 26. g4 Kg8 27. Kg3 Nc8 28.
Nf3 Nb6 29. Nd2 Ree7 30. a4 Red7 31. Rf3 Rd8 32. R3f2 Nd7 33. g5 h5 34. Ndc4
Nf8 35. Nd2 Bg4 36. Nf3 Bc8 37. Nc4 Ne6 38. Bd2 Rcd7 39. Na5 Rc7 40. Nc4 Rdd7
41. Ba5 Rb7 42. Bd2 Nd4 43. Bc3 Rd8 44. Ba5 Rdd7 45. Bc3 Rb8 46. Na5 Rb6 47.
Nc4 Rbb7 1/2-1/2

[Event "IX Floripa Chess Open Fort Atacadista"]
[Site "Florianópolis - Santa Catari"]
[Date "2023.01.24"]
[Round "3.40"]
[White "Heinechen, Juan"]
[Black "De Souza, Felipe Guimaraes"]
[Result "0-1"]
[WhiteElo "2146"]
[BlackElo "1943"]
[PlyCount "146"]
[EventDate "2023.01.23"]
[EventRounds "10"]
[EventCountry "BRA"]

1. e4 e5 2. Nf3 d6 3. Bc4 c6 4. c3 b5 5. Bb3 Be7 6. a4 Nf6 7. d3 O-O 8. O-O
Nbd7 9. Re1 Nc5 10. axb5 Nxb3 11. Qxb3 Be6 12. Qa4 cxb5 13. Qxb5 Qc7 14. b4 a5
15. bxa5 Rfb8 16. Qa4 Bb3 17. Qa3 d5 18. Qb2 dxe4 19. dxe4 Bd1 20. Qa2 Bb3 21.
Qe2 Bc4 22. Qc2 Bb3 23. Qb2 Bc4 24. Qc2 Bb3 25. Qd2 Rxa5 26. Rxa5 Qxa5 27. Qg5
Rb5 28. Nbd2 Qxc3 29. Nxb3 Qxb3 30. Qf5 Rc5 31. Be3 g6 32. Qh3 Rc7 33. Nxe5 Qc3
34. Nf3 Nxe4 35. Bd4 Qc1 36. Be3 Qa3 37. Qh6 Bf6 38. Qf4 Re7 39. Nd2 Qc3 40.
Rb1 Ng5 41. h4 Ne6 42. Rb8+ Nf8 43. Nf3 Bg7 44. g3 Qc7 45. Qb4 Rxe3 46. fxe3
Qxg3+ 47. Kf1 Qxf3+ 48. Ke1 Qxe3+ 49. Kd1 Qd3+ 50. Kc1 Bh6+ 51. Kb2 Qd2+ 52.
Qxd2 Bxd2 53. h5 g5 54. Kc2 Bf4 55. Ra8 h6 56. Kd3 Kg7 57. Ke4 Ne6 58. Ra7 Kf6
59. Ra6 Bc1 60. Rc6 Bb2 61. Rb6 Bd4 62. Ra6 g4 63. Rc6 Kg5 64. Kd3 Kxh5 65. Ke2
Kg5 66. Kf1 h5 67. Kg2 h4 68. Ra6 h3+ 69. Kh1 Be5 70. Ra5 f6 71. Rb5 g3 72. Rd5
Kg4 73. Rd3 g2+ 0-1

[Event "IX Floripa Chess Open Fort Atacadista"]
[Site "Florianópolis - Santa Catari"]
[Date "2023.01.24"]
[Round "3.41"]
[White "Vargas, Gabriela"]
[Black "Passos, Rafael Moreira"]
[Result "1-0"]
[WhiteElo "2145"]
[BlackElo "1891"]
[PlyCount "57"]
[EventDate "2023.01.23"]
[EventRounds "10"]
[EventCountry "BRA"]

1. d4 Nf6 2. Nf3 d5 3. Bg5 Ne4 4. Bf4 c5 5. c3 cxd4 6. cxd4 Nc6 7. Nbd2 e6 8.
a3 Be7 9. h4 Qb6 10. Rb1 Nxd2 11. Bxd2 Nxd4 12. Be3 Nxf3+ 13. exf3 Bc5 14. Bxc5
Qxc5 15. Bd3 Bd7 16. h5 Rc8 17. h6 g6 18. O-O O-O 19. Qd2 Bb5 20. Qf4 Rfd8 21.
Rbc1 Bc4 22. b3 Qxa3 23. Qf6 Qf8 24. bxc4 Qxh6 25. cxd5 Rxc1 26. Qxd8+ Kg7 27.
dxe6 Qd2 28. e7 Rxf1+ 29. Bxf1 1-0

[Event "IX Floripa Chess Open Fort Atacadista"]
[Site "Florianópolis - Santa Catari"]
[Date "2023.01.24"]
[Round "3.42"]
[White "Calsing, Ado"]
[Black "Burgos, Marcelo Alves"]
[Result "1/2-1/2"]
[WhiteElo "1863"]
[BlackElo "2143"]
[PlyCount "43"]
[EventDate "2023.01.23"]
[EventRounds "10"]
[EventCountry "BRA"]

1. d4 Nf6 2. c4 g6 3. Nc3 Bg7 4. e4 d6 5. f3 O-O 6. Be3 Nc6 7. Nge2 a6 8. Qd2
Na5 9. Nc1 Nd7 10. Be2 c5 11. d5 b5 12. O-O Nxc4 13. Bxc4 bxc4 14. N1e2 Ne5 15.
Bh6 Rb8 16. Bxg7 Kxg7 17. Rab1 Rb4 18. Nd1 Bd7 19. Qc3 Kg8 20. f4 Ng4 21. a3
Rb7 22. Qxc4 1/2-1/2

[Event "IX Floripa Chess Open Fort Atacadista"]
[Site "Florianópolis - Santa Catari"]
[Date "2023.01.24"]
[Round "3.43"]
[White "Saito, Vinicius"]
[Black "Moyses Sobrinho, Elias"]
[Result "1-0"]
[WhiteElo "2138"]
[BlackElo "1852"]
[PlyCount "71"]
[EventDate "2023.01.23"]
[EventRounds "10"]
[EventCountry "BRA"]

1. e4 d5 2. exd5 Nf6 3. Bb5+ Bd7 4. Bc4 b5 5. Bb3 Bc8 6. d4 Nxd5 7. Nf3 e6 8.
O-O Be7 9. Re1 O-O 10. c3 a6 11. Nbd2 Nd7 12. Ne4 N7f6 13. Bc2 Nxe4 14. Bxe4
Bb7 15. Qe2 Bf6 16. Bc2 Nb6 17. Bf4 g6 18. Ne5 Nd7 19. Rad1 Bg7 20. Nd3 Qc8 21.
Qg4 Nf6 22. Qh4 Be4 23. Bg5 Bxd3 24. Rxd3 Nd5 25. Rh3 f5 26. Qxh7+ Kf7 27. Rh6
Re8 28. Rxg6 Rg8 29. Rexe6 Qxe6 30. Rxe6 Kxe6 31. Qxf5+ Kd6 32. Be4 c6 33. Bxd5
cxd5 34. Bf4+ Kc6 35. Qe6+ Kb7 36. Qd7+ 1-0

[Event "IX Floripa Chess Open Fort Atacadista"]
[Site "Florianópolis - Santa Catari"]
[Date "2023.01.24"]
[Round "3.44"]
[White "Borger, David Lupovici"]
[Black "Curi, Gabriel"]
[Result "1/2-1/2"]
[WhiteElo "1832"]
[BlackElo "2136"]
[PlyCount "70"]
[EventDate "2023.01.23"]
[EventRounds "10"]
[EventCountry "BRA"]

1. e4 e6 2. d4 d5 3. e5 c5 4. c3 Nc6 5. Nf3 Bd7 6. dxc5 Bxc5 7. b4 Bb6 8. b5
Na5 9. Bd3 Ne7 10. O-O h6 11. a4 Qc7 12. Re1 O-O-O 13. Ba3 Bc5 14. Bxc5 Qxc5
15. Nbd2 Kb8 16. Qc2 Nc8 17. Nd4 Rhf8 18. N2b3 Nxb3 19. Qxb3 f6 20. Qa3 Qc7 21.
a5 fxe5 22. b6 Qd6 23. Qxd6+ Nxd6 24. Rxe5 Rf6 25. Ree1 Rc8 26. a6 Rxc3 27.
Reb1 Rxd3 28. bxa7+ Ka8 29. axb7+ Nxb7 30. Rxb7 Rd1+ 31. Rxd1 Kxb7 32. Rc1 Rf8
33. f4 Ra8 34. Re1 Re8 35. Ra1 Ra8 1/2-1/2

[Event "IX Floripa Chess Open Fort Atacadista"]
[Site "Florianópolis - Santa Catari"]
[Date "2023.01.24"]
[Round "3.45"]
[White "Jodorcovsky, Alejandro David"]
[Black "Volkmann, Andre Jordi"]
[Result "1/2-1/2"]
[WhiteElo "1808"]
[BlackElo "2129"]
[PlyCount "106"]
[EventDate "2023.01.23"]
[EventRounds "10"]
[EventCountry "BRA"]

1. e4 c6 2. d4 d5 3. exd5 cxd5 4. Bd3 Nc6 5. c3 Nf6 6. Bf4 Bg4 7. Qb3 Na5 8.
Qa4+ Bd7 9. Qd1 Qb6 10. Qe2 Rc8 11. Nf3 e6 12. Ne5 Bd6 13. Nxd7 Nxd7 14. Bxd6
Qxd6 15. Nd2 O-O 16. O-O a6 17. f4 b5 18. Rf3 g6 19. a3 Nc4 20. Nf1 f5 21. Ng3
Nf6 22. b3 Na5 23. Qb2 Ne4 24. Ne2 Rc7 25. b4 Nc4 26. Bxc4 Rxc4 27. a4 a5 28.
axb5 axb4 29. Ra6 bxc3 30. Rxc3 Rb4 31. Rb3 Rxb3 32. Qxb3 Qd7 33. Qa4 Nd6 34.
Nc3 Nc4 35. Qb4 Qc7 36. g3 Rc8 37. Rc6 Qb7 38. Qc5 Rxc6 39. bxc6 Qc7 40. Na2
Na5 41. Nb4 Kg7 42. Kg2 Kh6 43. Kh3 Kh5 44. Qc2 Nc4 45. Qe2+ Kh6 46. Qxe6 Qa5
47. Qe7 Ne3 48. Qg5+ Kg7 49. Qe7+ Kh6 50. c7 Qa1 51. Qxe3 Qf1+ 52. Kh4 Qd1 53.
Kh3 Qf1+ 1/2-1/2

[Event "IX Floripa Chess Open Fort Atacadista"]
[Site "Florianópolis - Santa Catari"]
[Date "2023.01.24"]
[Round "3.46"]
[White "Becker, Rogerio Sperb"]
[Black "Da Silva, Daniel Pereira"]
[Result "1-0"]
[WhiteElo "2128"]
[BlackElo "1775"]
[PlyCount "73"]
[EventDate "2023.01.23"]
[EventRounds "10"]
[EventCountry "BRA"]

1. c4 Nf6 2. Nf3 c5 3. g3 Nc6 4. Bg2 e6 5. O-O Be7 6. d4 cxd4 7. Nxd4 a6 8. Nc3
O-O 9. b3 Re8 10. Bb2 Bf8 11. Rc1 Ne5 12. Qd2 Bc5 13. Rfd1 Ba7 14. e3 Kh8 15.
Nf3 Nxf3+ 16. Bxf3 Qa5 17. a3 Qf5 18. Bg2 Rb8 19. b4 b5 20. c5 Bb7 21. Qd3 Qh5
22. Ne4 Nxe4 23. Bxe4 Qg4 24. Bxb7 Rxb7 25. Kg2 Bb8 26. h3 Qg6 27. Rc2 d5 28.
cxd6 Rd7 29. Qxg6 hxg6 30. Rc6 Red8 31. Rxa6 Rxd6 32. Rdxd6 Rxd6 33. Ra8 Rd8
34. Ra5 Rd5 35. e4 Rd2 36. Bc1 Ra2 37. Ra8 1-0

[Event "IX Floripa Chess Open Fort Atacadista"]
[Site "Florianópolis - Santa Catari"]
[Date "2023.01.24"]
[Round "3.47"]
[White "Miranda Fernandez, Marcos Manuel"]
[Black "Moura, Eduardo Eugenio Cha"]
[Result "1/2-1/2"]
[WhiteElo "1759"]
[BlackElo "2127"]
[PlyCount "26"]
[EventDate "2023.01.23"]
[EventRounds "10"]
[EventCountry "BRA"]

1. e4 d6 2. Nf3 Nf6 3. d3 g6 4. g3 Bg7 5. Bg2 O-O 6. O-O c5 7. Re1 Nc6 8. c3 e5
9. Nbd2 h6 10. Nf1 d5 11. Qc2 Be6 12. h3 d4 13. c4 Nh7 1/2-1/2

[Event "IX Floripa Chess Open Fort Atacadista"]
[Site "Florianópolis - Santa Catari"]
[Date "2023.01.24"]
[Round "3.48"]
[White "De Oliveira, Jairo Quintiliano"]
[Black "Kropff, Ricardo"]
[Result "0-1"]
[WhiteElo "1745"]
[BlackElo "2125"]
[PlyCount "100"]
[EventDate "2023.01.23"]
[EventRounds "10"]
[EventCountry "BRA"]

1. e4 e5 2. Nf3 Nc6 3. Bb5 g6 4. O-O Bg7 5. c3 a6 6. Ba4 Nge7 7. d4 exd4 8.
cxd4 b5 9. Bb3 O-O 10. Nc3 d6 11. h3 Bb7 12. Bg5 h6 13. Bh4 Na5 14. Bc2 b4 15.
Ne2 g5 16. Bg3 f5 17. exf5 Nxf5 18. a3 bxa3 19. Rxa3 Nc4 20. Rc3 Nb6 21. Bxf5
Rxf5 22. Qc2 Rf7 23. Re1 Rc8 24. Qg6 Qf6 25. Qc2 a5 26. Nh2 h5 27. f3 Nd5 28.
Ra3 Nb4 29. Qd1 Qf5 30. Bf2 Re8 31. Ng3 Qg6 32. Rxa5 Nd3 33. Qc2 h4 34. Nh5
Rfe7 35. Rd1 Qxh5 36. Qxd3 d5 37. Ng4 Qf7 38. Ra7 Bc8 39. Qd2 Qg6 40. Qc3 Qb6
41. Ra5 c6 42. Ra3 Re2 43. Rb3 Qc7 44. Qc1 Qe7 45. Qxc6 Bxg4 46. hxg4 Rxf2 47.
Qxd5+ Kh8 48. Kxf2 Qe2+ 49. Kg1 Qxd1+ 50. Kh2 Be5+ 0-1

[Event "IX Floripa Chess Open Fort Atacadista"]
[Site "Florianópolis - Santa Catari"]
[Date "2023.01.24"]
[Round "3.49"]
[White "Pereira, Marcelo Do Carmo"]
[Black "Federzoni, Enzo"]
[Result "0-1"]
[WhiteElo "1733"]
[BlackElo "2123"]
[PlyCount "68"]
[EventDate "2023.01.23"]
[EventRounds "10"]
[EventCountry "BRA"]

1. e4 c5 2. Nf3 d6 3. Bb5+ Bd7 4. Bxd7+ Nxd7 5. O-O Ngf6 6. Re1 a6 7. c3 e6 8.
d4 Be7 9. e5 dxe5 10. dxe5 Nd5 11. c4 Nb4 12. Nbd2 Qc7 13. Nf1 Rd8 14. Qe2 Nb8
15. a3 N4c6 16. Ng3 Qd7 17. Ng5 Qd3 18. Qh5 Qg6 19. Qxg6 hxg6 20. Nf3 Na5 21.
Nd2 Nbc6 22. Rb1 Rh4 23. b3 Rhd4 24. Nf3 Rd3 25. Bf4 Nxb3 26. Ne4 f6 27. exf6
gxf6 28. h4 e5 29. Be3 R8d7 30. Rxb3 Rxb3 31. Bxc5 f5 32. Ned2 Rxd2 33. Nxd2
Bxc5 34. Rxe5+ Be7 0-1